01477nam a2200337 a 4500001001200000003000800012006001900020007001500039008004100054010001700095020002600112020002700138040002100165035002100186050002600207082001700233100001900250245009800269260003500367300001500402504005100417505026800468533015200736650002700888650001600915650001900931655002900950710001700979856012600996999001701122ebr10657871CaPaEBRm u cr cn|||||||||120618s2012 nju sb 001 0 eng d z 2012023632 z9781118312438 (cloth) z9781118443682 (e-book) aCaPaEBRcCaPaEBR a(OCoLC)84286010814aHD58.8b.M3465 2012eb04a658.4/062231 aMcInnes, Will.10aCulture shockh[electronic resource] :ba handbook for 21st century business /cWill McInnes. aHoboken, N.J. :bWiley,c2012. aix, 278 p. aIncludes bibliographical references and index.0 aForeword -- Introduction -- Purpose and meaning -- Democracy and empowerment -- Progressive people -- Conscious leadership -- Organizational openness -- Change velocity -- Tech dna -- Fair finances -- Conclusion -- Acknowledgements -- About will mcinnes -- Index. aElectronic reproduction.bPalo Alto, Calif. :cebrary,d2013.nAvailable via World Wide Web.nAccess may be limited to ebrary affiliated libraries. 0aOrganizational change. 0aLeadership. 0aCulture shock. 7aElectronic books.2local2 aebrary, Inc.40uhttp://site.ebrary.com/lib/rucke/Doc?id=10657871zAn electronic book accessible through the World Wide Web; click to view c64909d64909